History Quiz

Random History Quiz

Comp Civ Quiz Stats

 Plays Quiz not verified by Sporcle

Challenge
Share
Tweet
Embed
Score 0/33 Timer 08:00
0 Plays Today
info Answer % Correct
What skeletal remains is 3.6 m.y.a old?Lucy
100%
what month was Earth created?September
80%
the shape of a monkey's eye allows them to judge?Distance
80%
When monkey's capture food the first to eat is the?The Male
80%
what percent of mammals in the classification order have special scent glands?80%
80%
Sapien means what in latin?Wise
80%
Jane Goodall went to Gombe in Tanzania for research in what year?1960
80%
the y chromosome is only found in which gender?male
80%
there is more diversity a group of 50 chimps then in the all of what?Humanity
80%
what vitamin do you get from the sun?D
80%
what month was life created?September
60%
what is Lucy's real name?AL 288-1
60%
Monkey's eye vision is able to see?colour
60%
There is only one type of monkey who eats at this time of day?Night
60%
Bipedalism occurred how many years ago?10-4 m.y.a
60%
monkeys live in what type of system?Class
60%
In a a big group of primates what is more likely to be bigger?Brain
60%
info Answer % Correct
Carl Sagan says we are all predisposed to this?Sex
60%
what hormone is found in male sweat?5alpha-androstenal
60%
humans are the only beings able to do what with animal tracks?Read them
60%
the San bushmen of the Kalihari still practice this form of hunting?Persistence
60%
After we learned to make our own crops what flourished?Arts and Ritual
60%
neanderthals died out before this species?Cro-Magon
60%
The evidence of our ancestors being in Australia goes back how far?30000-35000 years ago
60%
how long did it take people to populate through out north and south America?800 years
60%
how many generations ago did we start in africa?2000
60%
how much of human DNA is identical to Chimp DNA?98.5%
60%
According to Jared Diamond the great leap forward is?Acquisition of language
60%
how long ago do fossil records show primates being around for?50 m.y.a
60%
who much of the worlds chimp population has been destroyed?90%
60%
how many bundles in DNA?46
60%
about how many people is believed to have come from Asia to America?10-20
60%
what percent of all pregnancy's end in miscarriage today? 20%
60%

You're not logged in!

Compare scores with friends on all Sporcle quizzes.
Join for Free
OR
Log In

You Might Also Like...

Show Comments

Extras

Created Jan 25, 2011ReportNominate
Tags:civ, comp

Top Quizzes Today


Score Distribution

Your Account Isn't Verified!

In order to create a playlist on Sporcle, you need to verify the email address you used during registration. Go to your Sporcle Settings to finish the process.

Report this User

Report this user for behavior that violates our Community Guidelines.

Details: